000
00196 a2200097 4500
001
829
100
_a
Angelo,E.J
245
_a
Electronic gircuits
260
_a
_b
Mcgrawhill
_c
090
_c
420
_d
420
942
_a
NUST-CAE
_c
M
_c
30490
999
_c
235902
_d
235902